| 000 | 00654cam a22001934a 4500 | ||
|---|---|---|---|
| 005 | 20250605164346.0 | ||
| 008 | 250528s ||||||||||||||||||||||||d | ||
| 035 | _a23887 | ||
| 040 |
_aGR-AtMCL _bgre _dGR-AtMCL _eAACR2 |
||
| 245 | 1 | _aThe Value of Pets for Human Health / Deborah Wells with a Menagerie of Surprising Research | |
| 260 | _c2011 | ||
| 300 | _a213 | ||
| 520 | _aFalling on Deaf Ears, Are you Being Outsourced?, Responding to the Problem of 'Parent Abuse', The Psychological Transformer. | ||
| 700 | 1 |
_aSutton Jon _99351 |
|
| 942 | _cCR | ||
| 710 | 2 |
_aThe British Psychological Society _99823 |
|
| 999 |
_c8805 _d8805 |
||